000 00290nam a22001337a 4500
008 181022b xxu||||| |||| 00| 0 eng d
020 _a9780070522565
041 _aeng
080 _a316
100 _a50
101 _aSOC
245 _aAging And Life Course
_cJill.Q
942 _2udc
_cBK
999 _c50362
_d50362